Every 'The Office' Character Ever Quiz Stats

 Plays Quiz not verified by Sporcle

Support Sporcle.
Go Orange.
Score 0/34 Timer 10:00
0 Plays Today
Hint Answer % Correct
Works in the OfficeMichael Scott
97.4%
Jim Halpert
89.5%
Dwight Schrute
86.8%
84.2%
Pam Beesly
81.6%
Creed Bratton
81.6%
Kelly Kapoor
81.6%
Toby Flenderson
78.9%
78.9%
Andy Bernard
76.3%
Kevin Malone
76.3%
Oscar Martinez
76.3%
Stanley Hudson
73.7%
Ryan Howard
73.7%
Meredith Palmer
73.7%
Angela Martin
71.1%
Phyllis Vance
71.1%
Hint Answer % Correct
Darryl Philbin
71.1%
Erin Hannon
60.5%
David Wallace
60.5%
Used to work at the OfficeJan Levinson
57.9%
Holly Flax
55.3%
Gabe Lewis
50%
Robert California
47.4%
Roy Anderson
44.7%
Todd Packer
42.1%
Jo Bennett
39.5%
Karen Filippelli
34.2%
Charles Miner
34.2%
Nellie Bertram
31.6%
Deangelo Vickers
28.9%
Pete Miller
15.8%
Clark Green
15.8%
Brian
2.6%

You're not logged in!

Compare scores with friends on all Sporcle quizzes.
OR
Log In

From the Vault

Hidden Neighbors of Georgia

by smac17

Keep Georgia on your mind.
Remove Ads.
Support Sporcle.
Get the best of Sporcle when you Go Orange. This ad-free experience offers more features, more stats, and more fun while also helping to support Sporcle. Thank you for becoming a member.

Show Comments

Extras

Top Quizzes Today


Score Distribution

Your Account Isn't Verified!

In order to create a playlist on Sporcle, you need to verify the email address you used during registration. Go to your Sporcle Settings to finish the process.

Report this User

Report this user for behavior that violates our Community Guidelines.

Details: